000 01125cam a22003373a 4500
001 32310
003 PGUSA
005 20140828083711.0
008 100509s2010||||xxu|||||s|||||000 1 eng d
040 _aPGUSA
_beng
042 _adc
050 4 _aPZ
100 1 _aRaymond, Evelyn,
_d1843-1910
245 1 0 _aDorothy at Oak Knowe
_h[electronic resource] /
_cEvelyn Raymond
260 _bProject Gutenberg,
_c2010
506 _aPublic domain in the USA.
516 _aElectronic text
653 _aCanada -- Juvenile fiction
653 _aAmericans -- Canada -- Juvenile fiction
653 _aChester, Dorothy (Fictitious character) -- Juvenile fiction
653 _aBoarding school students -- Juvenile fiction
653 _aTeenage girls -- Juvenile fiction
653 _aMystery and detective stories
653 _aYoung women -- Social life and customs -- Juvenile fiction
653 _aSchools -- Juvenile fiction
653 _aMissing children -- Juvenile fiction
700 1 _aMencl, Rudolf
830 0 _aProject Gutenberg
_v32310
856 4 0 _uhttp://www.gutenberg.org/ebooks/32310
942 _cEB
999 _c261565
_d261565